01543cam a2200289 4500001000900000003000700009005001700016008004100033015001200074017005100086020001800137035002100155040002900176082002000205245016500225260006300390300001900453490003500472504004100507520050400548650003501052650001501087650001601102700004901118700004101167700004501208a4456380SpMaBN20200426024946.0090401s2008 sp | |||| 000 0 spa  aMON0907 aSE 5672-2008bOficina Depósito Legal Sevilla a9788496780453 a(OCoLC)733771965 aSpMaBNbspacSpMaBNerdc a327.1 S456 200800aSeguridad y defensa hoy : bconstruyendo el futuro / cJosé Julio Fernández Rodríguez, Javier Jordán Enamorado, Daniel Sansó-Rubert Pascual (editores) aVillaviciosa de Odón, Madrid : bPlaza y Valdés,c2008 a280 páginas. aProspectiva/Estudios de futuro aIncluye referencias bibliográficas aSeguridad y Defensa hoy. Construyendo el futuro es una obra colectiva que analiza varios de los puntos más candentes de la agenda de seguridad mundial. Por sus páginas desfilan las compañías militares y de seguridad privadas, el terrorismo global, el crimen organizado transnacional, las amenazas cibernéticas y otros temas de profundo interés como el papel de la información en los conflictos bélicos o la integración político-social de las comunidades islámicas, entre otros. 7aSeguridad internacional2Sears 7aTerrorismo 7aMercenarios1 aFernández Rodríguez, José Juliod1970-1 aJordán, JavierqJordán Enamorado1 aSansó-Rubert Pascual, DanieleEditores